000 00209nam a22000977a 4500
999 _c261260
_d261259
020 _a9780545244336
100 _aKaren Beaumont
245 _aDoggone Dogs
260 _aNew York
_bScholastic
_c2008
942 _cBK